| 000 | 00353cam a2200157ua 4500 | ||
|---|---|---|---|
| 003 | OSt | ||
| 008 | 240213b |||||||| |||| 00| 0 eng d | ||
| 041 | _amal | ||
| 082 |
_a923.2 _bRAM/MA |
||
| 100 |
_aRaman Menon, T K . _95829 |
||
| 245 | _aMahathma / | ||
| 250 | _a1 / | ||
| 260 |
_a : _bRaman Menon T K , _c1948. |
||
| 300 | _a180 ; . | ||
| 942 | _cBK | ||
| 999 |
_c6690 _d6690 |
||